00715nam a2200241 a 4500001001300000003000900013005001700022008004100039020001000080082001500090100002500105245004200130260003400172300000900206500003500215505002800250650002500278700002500303902000800328942000700336952011500343999001500458nice12345678IN_TiNIC20260116011459.0050524s1927 lona grp 000 0 eng  ac10000a297.5bLEO aLeonard, Arthur Glyn aIslamb Her Moral and Spiritual Value aLondon bLuzac and Co. c1927 a160p aincludes index and biblioraphy2 aacc no 1649 is archives aIslam-Moral Theology1 aLeonard, Arthur Glyn bSRS cBK 001040708StackRoom-aHMIbHMId2007-07-03g100.00l0o297.5 LEOp01481r2007-07-03v100.00w2005-05-24yBK c1917d1917